000 00308nam a2200121Ia 4500
008 220901s9999||||xx |||||||||||||| ||und||
082 _a570 SPR
100 _aIndian Academy Sciences
245 0 _aJournal of biosciences
250 _aVol. 35 Issue 1 & 2
260 _bSpringer
_c2010
650 _aHumanities
999 _c193917
_d193917